00448pam a2200181 a 4500001000800000005001700008008004100025010001700066020001500083040001800098041000800116042000900124080002100133082002500154100000700179101000800186245007200194424242420180213034130.0831017s1985 nyua j 001 0 eng  a 83022223  a0070098131 aDLCcDLCdDLC aeng alcac a808..89282 rob00a808..89282 rob219 a23 agju00aEncounters /ceditors, G. Robert Carlsen, Ruth Christoffer Carlsen.